000 03120cam a22005654i 4500
003 PE-LiUPU
005 20250731172953.0
008 150623s1995 miu rb 000 0 spa d
020 _a0802809359
020 _a1558834052
035 _a(Sirsi) i9780802809353
040 _aPE-LiUPU
_bspa
_cPE-LiUPU
_erda
049 _aPRUA
082 0 4 _a248.4
_bS82
_221
100 1 _aStott, John R. W.,
_eautor.
245 1 3 _aEl cristiano contemporáneo :
_bcon guía de estudio /
_cJohn R. W. Stott.
264 1 _aMichigan :
_bLibros Desafío,
_c1995.
300 _a433 páginas ;
_c23 centímetros
336 _atext
_2rdacontent
337 _aunmediated
_2rdamedia
338 _avolume
_2rdacarrier
504 _aIncluye notas bibliográficas.
505 0 _aEl evangelio: la paradoja humana -- La libertad auténtica -- Cristo y su cruz -- La pertinencia de la resurrección -- Jesucristo es Señor -- El discípulo: El oído atento -- La mente y las emociones -- Guía, vocación, y ministerio -- El primer fruto del espíritu -- La Biblia : Perseverar en la palabra -- Responder a la palabra -- La transposición de la palabra -- La exposición de la palabra -- La Iglesia: Desafíos seculares a la iglesia -- La evangelización por medio de la iglesia local -- Dimensiones de la renovación de la iglesia -- Los pastores de la iglesia -- El mundo: La singularidad de Jesucristo -- Nuestro Dios es un Dios misionero -- La misión holística -- La cristología de la misión -- El ahora y el todavía no.
526 _aSEG42
526 _aSEG41
526 _aSEG40
526 _aSEG39
526 _aP94
526 _aP87
526 _aP86
526 _aP85
526 _aP77
526 _aP76
526 _aP35
541 _g001-000224;
541 _g001-0000057;
650 0 4 _aCristianismo.
650 0 4 _aIglesia y mundo.
650 0 4 _aVida cristiana de estudio.
942 _2ddc
_cBOOK
949 _a248.4 S82
_wDEWEY
_c1
_i45076
_d2015-9-14
_e2015-9-13
_lCCODEBUL1
_mBUL
_n1
_r0
_sY
_tBOOK
_u2015-6-24
_xTEOLOGIA
_PP35
_0COMPRA
_o.STAFF. Colección Teología
949 _a248.4 S82
_wDEWEY
_c2
_i56002
_lCCODEBUL1
_mBUL
_p14.00
_r0
_sY
_tBOOK
_u2015-6-24
_xTEOLOGIA
_PP35
_0COMPRA
_o.STAFF. Colección Teología
949 _a248.4 S82
_wDEWEY
_c3
_i57362
_lCCODEBUL1
_mBUL
_p11.00
_r0
_sY
_tBOOK
_u2015-6-24
_xTEOLOGIA
_PP35
_0COMPRA
_o.STAFF. Colección Teología
994 _aC0
_bPEPRU
596 _a1
999 _a248.4 S82
_wDEWEY
_c21960
_i45076
_d21960
_e2018-9-30
_f2021-11-11
_g5
_lCCODEBUL1
_mBUL
_n2
_p20.00
_q1
_r0
_sY
_tBOOK
_u2015-6-24
_xTEOLOGIA
_PP35
_0COMPRA
_o.STAFF. Colección Teología
999 _a248.4 S82
_wDEWEY
_c2
_i56002
_d2018-5-20
_e2018-5-16
_f2021-11-10
_g5
_lCCODEBUL1
_mBUL
_n3
_p14.00
_r0
_sY
_tBOOK
_u2015-6-24
_xTEOLOGIA
_PP35
_0COMPRA
_o.STAFF. Colección Teología
999 _a248.4 S82
_wDEWEY
_c3
_i57362
_d2018-8-21
_f2021-11-10
_g5
_lCCODEBUL1
_mBUL
_p11.00
_q1
_r0
_sY
_tBOOK
_u2015-6-24
_xTEOLOGIA
_PP35
_0COMPRA
_o.STAFF. Colección General
980 _81
_gALBERTO SANCHEZ Responsable de Automatización